000 00295nam a22001337a 4500
008 170606b xxu||||| |||| 00| 0 eng d
020 _a9780872893061
041 _aeng
080 _23RD
_a328
100 _a18
101 _aSHP
245 _aUNORTHODOX LAWMAKING
_cSINCLAIR,B
942 _2udc
_cBK
999 _c16202
_d16202